Symfonie č. 88 G dur Symfonie č. 103 Es dur, "S vířením kotlů" /

Hlavní autor: Haydn, Joseph, 1732-1809
Korporativní autor: Pražský komorní orchestr
Jazyk: Nelze použít, není lingvistický obsah
Vydáno: Praha : Supraphon, p1967
Edice: Gramofonový klub
Témata:
Fyzický popis: 1 LP deska : 33 ot/min ; 30 cm
Zvukové nahrávky
Uloženo v:
LEADER 01096njm a2200301 a 4500
001 000292955
003 CZ BrMZK
005 20221122152456.0
008 990305s1967 xr f zxx d
028 0 3 |a 0 10 0220  |b Supraphon 
040 |a BOA001  |b cze 
080 |a 78.082.1"17"(086.7)  |2 MRF 
100 1 |a Haydn, Joseph,  |d 1732-1809  |7 jn19990003267  |4 cmp 
245 1 0 |a Symfonie č. 88 G dur  |h [zvukový záznam] ;  |b Symfonie č. 103 Es dur, "S vířením kotlů" /  |c Josef Haydn. 
260 |a Praha :  |b Supraphon,  |c p1967 
300 |a 1 LP deska :  |b 33 ot/min ;  |c 30 cm 
490 1 |a Gramofonový klub 
500 |a Nahr. 1967 
500 |a Durata neuv 
511 0 |a Pražský komorní orchestr (bez dirigenta). 
653 0 |a symfonický orchestr  |a symfonie 
710 2 |a Pražský komorní orchestr  |7 kn20010710282 
740 0 2 |a Symfonie č. 103 Es dur, "S vířením kotlů" 
830 0 |a Gramofonový klub 
910 |a BOA001  |b LP-0000.083 
964 |a Symfonie  |z stol.18.  |x LP 
990 |a AV 
996 6 |b 261H008293  |c LP-0000.083  |l MZK  |r Sklad / do 24 hodin  |n 0  |p kup  |w 000292955  |u 000010  |a 1  |e BOA001  |j MZK50  |s P